Recursions for the two-stage least-squares estimators (Registro nro. 26119)

Detalles MARC
000 -LEADER
fixed length control field 00346 a2200109 4500
001 - CONTROL NUMBER
control field ART_12135
005 - DATE AND TIME OF LATEST TRANSACTION
control field 20260410161903.0
008 - FIXED-LENGTH DATA ELEMENTS--GENERAL INFORMATION
fixed length control field 260409a
100 1# - MAIN ENTRY--PERSONAL NAME
Personal name Phillips, Garry D. A.
245 10 - TITLE STATEMENT
Title Recursions for the two-stage least-squares estimators
773 0# - HOST ITEM ENTRY
Title Journal of econometrics
Related parts - Vol. 6, Nº 1 (jul. 1977)
Record control number REV11720

No hay ítems disponibles.